| 000 | 00539nam a22002057a 4500 | ||
|---|---|---|---|
| 003 | OSt | ||
| 005 | 20140310183045.0 | ||
| 008 | 130227t xxu||||| |||| 00| 0 eng d | ||
| 020 | _a9789715847520 | ||
| 050 |
_aQA531 _b.D671 2008 |
||
| 082 |
_aFIL 516.24 _bW89 2008 |
||
| 245 |
_aWorktext in college trigonometry _cDomingo, A. C. |
||
| 260 |
_aQuezon City _bC & E Publishing _c2008 |
||
| 300 |
_a134 p. _c26 cm. |
||
| 521 | _acollege students | ||
| 526 | _c1210L-1700L | ||
| 541 | _j1 | ||
| 562 | _e4 | ||
| 942 |
_2lcc _cBK _kFIL |
||
| 999 |
_c18577 _d18577 |
||